Weltwirtschaftliches Archiv

Enregistré dans:
Détails bibliographiques
Format: Publication en série
Publié: 1992
Tags: Ajouter un tag
Pas de tags, Soyez le premier à ajouter un tag!

MARC

LEADER 00000nas a22000003a 4500
001 stu71204
005 20141122000406.9
008 011106s1992----------------------------d
040 |a STU  |b slo 
041 0
245 |a Weltwirtschaftliches Archiv 
260 |c 1992 
500 |a 1992 
500 |a 4 
500 |a 1-4 
773 0 |t Weltwirtschaftliches Archiv  |w stu_us_cat*stu71203  |x 0932-4569  |7 nnas 
996 |d Vol. 128, 1992  |v Vol. 128  |y 1992  |l EE0103  |s A  |a 24  |w stu71204_0001